01726nam a2200421Ia 4500001001200000003000800012006001900020007001500039008004100054010001700095020002700112020003000139020001800169040002100187035002100208050002300229082001900252245012700271246005500398260005400453300002900507490004300536490003600579504005100615533015200666650004200818650002800860650004900888650003500937655002900972700002201001700002501023710001701048830005201065830004401117856012601161999001701287ebr10661616CaPaEBRm u cr cn|||||||||100901s2011 nyuab sb 001 0 eng d z 2010036436 z1611220335 (hardcover) z9781611220339 (hardcover) z9781611223682 aCaPaEBRcCaPaEBR a(OCoLC)72674326814aQH150b.M53 2011eb04a599.7/175522200aMiddle-sized carnivores in agricultural landscapesh[electronic resource] /cLuis M. Rosalino, Carla Gheler-Costa editors.3 aMiddle sized carnivores in agricultural landscapes aHauppauge, NY :bNova Science Publishers,cc2011. ax, 192 p. :bill., maps.1 aAnimal science, issues and professions1 aAgriculture issues and policies aIncludes bibliographical references and index. aElectronic reproduction.bPalo Alto, Calif. :cebrary,d2013.nAvailable via World Wide Web.nAccess may be limited to ebrary affiliated libraries. 0aAnimal ecologyzMediterranean Region. 0aAnimal ecologyzBrazil. 0aCarnivoraxAdaptationzMediterranean Region. 0aCarnivoraxAdaptationzBrazil. 7aElectronic books.2local1 aRosalino, Luis M.1 aGheler-Costa, Carla.2 aebrary, Inc. 0aAnimal science, issues, and professions series. 0aAgriculture issues and policies series.40uhttp://site.ebrary.com/lib/rucke/Doc?id=10661616zAn electronic book accessible through the World Wide Web; click to view c66904d66904